000 00449nam a2200157 i 4500
001 70222
003 ES-MaACL
005 20230906170746.0
007 t|
008 040720s1964 sp ||||1| spa d
100 1 _aGarcía-Puente Llamas, José.
_955140
245 1 4 _aLos delitos de huelgas /
_cJosé García-Puente Llamas.
260 _aSalamanca :
_b[s.n.,
_c1964] (
_fArte)
300 _a47 p. ;
_c24 cm.
852 _aES-MaACL
_j2039-F-18
_bR.54428
999 _c70222
_d70222